000 01236nam a2200361 i 4500
001 11213
003 KOSZ 005
005 20221116141006.0
008 070620s1969 pl f 001 0 pol
015 _aPB 1969/4014
040 _aWA N
_cWA N
_dKOSZ 005/RW
_dKOSZ 005/HR
041 0 _apol
_beng
_brus
046 _k1969
080 _a005
100 1 _aKowalewski, Stanisław
_d(1901-1984)
_eAutor
245 1 0 _aPrzełożony - podwładny w świetle teorii organizacji /
_cStanisław Kowalewski.
250 _aWyd. 1, dodr.
260 _aWarszawa :
_bPaństwowe Wydawnictwo Ekonomiczne,
_c1969.
300 _a323, [1] s. ;
_c18 cm.
336 _2rdacontent
_aTekst
_btxt
337 _2rdamedia
_aBez urządzenia pośredniczącego
_bn
338 _2rdacarrier
_aWolumin
_bnc
380 _aKsiążki
388 _a1901-2000
388 _a1945-1989
504 _aBibliogr. s. [305]-315. Indeks.
546 _aStreszcz. ang., ros.
650 4 _aZarządzanie zasobami ludzkimi (HRM)
658 _aZarządzanie i marketing
710 2 _aPolskie Wydawnictwo Ekonomiczne
_4pbl.
856 _uhttp://koha.tu.koszalin.pl/cgi-bin/koha/opac-detail.pl?biblionumber=11213
_yKatalog online BPK
942 _2UKD
_cKS
999 _c11213
_d11213